| Tag |
First Indicator |
Second Indicator |
Subfields |
| LEADER |
00000pam a2200000 a 4500 |
| 001 |
in00000087122 |
| 005 |
20151008064740.0 |
| 008 |
800505s1981 nyua b 00110 engm |
| 010 |
|
|
|a 80049988
|
| 015 |
|
|
|a GB80
|
| 020 |
|
|
|a 0443021589 (pbk.)
|
| 035 |
|
|
|a (OCoLC)06357596
|
| 035 |
|
|
|9 AAK4728AM
|
| 040 |
|
|
|a DLC
|c DLC
|d m.c.
|d TXA
|d UtOrBLW
|
| 049 |
|
|
|a TXAM
|c [1442858]
|
| 050 |
0 |
0 |
|a RC620
|b .M25 1981
|
| 060 |
|
0 |
|a WD100 M161n
|
| 082 |
0 |
|
|a 616.3/9
|
| 100 |
1 |
|
|a McLaren, Donald Stewart.
|
| 245 |
1 |
0 |
|a Nutrition and its disorders /
|c Donald S. McLaren.
|
| 250 |
|
|
|a 3rd ed.
|
| 264 |
|
1 |
|a Edinburgh ;
|a New York :
|b Churchill Livingstone,
|c 1981.
|
| 300 |
|
|
|a viii, 277 pages :
|b illustrations ;
|c 21 cm.
|
| 336 |
|
|
|a text
|b txt
|2 rdacontent
|
| 337 |
|
|
|a unmediated
|b n
|2 rdamedia
|
| 338 |
|
|
|a volume
|b nc
|2 rdacarrier
|
| 490 |
1 |
|
|a Churchill Livingstone medical texts
|
| 504 |
|
|
|a Includes bibliographies and index.
|
| 650 |
|
0 |
|a Nutrition disorders.
|
| 650 |
|
0 |
|a Nutrition.
|
| 650 |
|
2 |
|a Nutrition Disorders.
|
| 830 |
|
0 |
|a Churchill Livingstone medical text.
|
| 999 |
|
|
|a MARS
|
| 999 |
f |
f |
|s b6d09a95-fbda-3552-aeae-61f05090c864
|i 559ad634-3ba2-3945-aef3-12b662ce0759
|t 0
|
| 952 |
f |
f |
|p ric
|a Texas A&M University
|b Rellis Campus
|c Joint Library Facility
|d Remote Storage
|t 0
|e RC620 .M25 1981
|h Library of Congress classification
|i unmediated -- volume
|m A14806230773
|
| 998 |
f |
f |
|a RC620 .M25 1981
|t 0
|l Remote Storage
|